| 000 | 00444nam a2200157 4500 | ||
|---|---|---|---|
| 001 | 148955 | ||
| 003 | ES-MaACL | ||
| 005 | 20230906202902.0 | ||
| 007 | t| | ||
| 008 | 070214s1965 sp r ||||1| spa d | ||
| 100 | 1 |
_aSurió, Luis. _9108833 |
|
| 245 | 1 | 4 |
_aLos Floronado _b: comedia en tres actos / _cLuis Surió. |
| 260 |
_aValencia : _b[s. n.], _c1965 ( _fImp. Nacher) |
||
| 300 |
_a105 p. ; _c16 cm. |
||
| 852 |
_aES-MaACL _jC-27918 _bR.57321 |
||
| 999 |
_c148955 _d148955 |
||